| 000 | 00715nam a2200241 i 4500 | ||
|---|---|---|---|
| 001 | 126587 | ||
| 003 | ES-MaACL | ||
| 005 | 20230906192838.0 | ||
| 007 | t| | ||
| 008 | 070214s1975 sp |||| | spa d | ||
| 080 | _a227.85.06 | ||
| 100 | 1 |
_aReuss, Joseph. _996377 |
|
| 245 | 1 | 0 |
_aCarta a Tito / _cJoseph Reuss ; versión de J. Mª Caballero. |
| 250 | _a2ª ed. | ||
| 260 |
_aBarcelona : _bHerder, _c1975. |
||
| 300 |
_a75 p. ; _c20 cm. |
||
| 490 | 1 | _aEl nuevo testamento y su mensaje | |
| 630 | 0 | 4 |
_aBiblia. _pN. T. _pTito- _vComentarios. _9145136 |
| 700 | 1 |
_aCaballero, J. María. _9163092 |
|
| 830 | 0 |
_aEl nuevo testamento y su mensaje _9190229 |
|
| 852 |
_aES-MaACL _jE-7889 |
||
| 999 |
_c126587 _d126587 |
||